[Event "SportAccord Blitz Men 2012"]
[Site "Beijing CHN"]
[Date "2012.12.17"]
[Round "13.8"]
[White "Jobava, Baadur"]
[Black "Giri, Anish"]
[Result "0-1"]
[WhiteTitle "GM"]
[BlackTitle "GM"]
[WhiteElo "2711"]
[BlackElo "2720"]
[WhiteFideId "13601520"]
[BlackFideId "24116068"]
[EventDate "2012.12.16"]

1. e3 e5 2. b3 Nf6 3. Bb2 Nc6 4. Bb5 Bd6 5. Na3 e4 6. Nc4 Be7 7. Bxc6 dxc6 8.
Ne2 O-O 9. O-O c5 10. Ng3 Bg4 11. Qe1 Be6 12. Rd1 Re8 13. Na5 c6 14. Nc4 b6 15.
h3 h6 16. Qe2 Qd5 17. Ne5 Qd6 18. Nc4 Qd5 19. d3 exd3 20. Rxd3 Qg5 21. Ne5 Rac8
22. Nf3 Qg6 23. Ne5 Qg5 24. Kh2 h5 25. f4 Qh4 26. f5 Bd5 27. Rf4 Qg5 28. h4 Qh6
29. Qe1 Bd6 30. Qa1 Bxe5 31. Bxe5 Ng4+ 32. Rxg4 hxg4 33. c4 Qxh4+ 34. Kg1 Bxg2
35. Kxg2 Qh3+ 36. Kg1 Rcd8 37. Rxd8 Rxd8 38. Qe1 f6 39. Bf4 Rd3 40. Qe2 Rd7 41.
e4 Kf7 42. e5 fxe5 43. Bxe5 Re7 44. Qb2 Qh6 45. Qc3 Qh8 46. Ne4 Qh4 47. Bg3 Qh6
48. Qd3 Qc1+ 49. Kg2 Qb2+ 50. Bf2 Qe5 51. Ng5+ Kg8 52. Ne6 Qb8 53. Bh4 Rf7 54.
Bg3 Qe8 55. Qe4 g6 56. fxg6 Re7 57. Qxg4 Rxe6 58. g7 Qg6 59. Qf4 Qxg7 60. Qf5
Rg6 61. Qc8+ Kh7 62. Qh3+ Rh6 63. Qf5+ Rg6 64. Qh3+ Qh6 65. Qd7+ Rg7 66. Qf5+
Kg8 67. Qc8+ Kh7 68. Qf5+ Kh8 69. Qf8+ Kh7 70. Qf5+ Qg6 71. Qh3+ Kg8 72. Qc8+
Kh7 73. Qh3+ Qh6 74. Qf5+ Rg6 75. Qd7+ Qg7 76. Qh3+ Kg8 77. Qc8+ Qf8 78. Qd7 Qf7
79. Qc8+ Kg7 80. Kh2 Qe7 81. Qf5 Qe2+ 82. Bf2 Rf6 83. Qd7+ Kg6 0-1

[Event "SportAccord Blitz Men 2012"]
[Site "Beijing CHN"]
[Date "2012.12.17"]
[Round "14.1"]
[White "Ivanchuk, Vassily"]
[Black "Giri, Anish"]
[Result "0-1"]
[WhiteTitle "GM"]
[BlackTitle "GM"]
[WhiteElo "2766"]
[BlackElo "2720"]
[WhiteFideId "14100010"]
[BlackFideId "24116068"]
[EventDate "2012.12.16"]

1. e4 c5 2. Nf3 d6 3. d4 Nf6 4. dxc5 Nxe4 5. cxd6 Nc6 6. Na3 Nxd6 7. Nc4 Nxc4 8.
Qxd8+ Nxd8 9. Bxc4 a6 10. Be3 Be6 11. Be2 Rc8 12. c3 g6 13. Ng5 Bd5 14. O-O Bg7
15. Rfd1 e6 16. Bf3 Bxf3 17. gxf3 f5 18. Rd6 Be5 19. Rb6 Bc7 20. Rb4 h6 21. Nh3
g5 22. Kg2 b5 23. f4 Nc6 24. Rb3 g4 25. Ng1 Bd6 26. c4 Na5 27. c5 Nxb3 28. axb3
Be7 29. Rxa6 Bxc5 30. Rxe6+ Kd7 31. Re5 Bxe3 32. fxe3 Rc2+ 33. Kg3 h5 34. Rxf5
h4+ 35. Kxg4 Rg2+ 36. Kh3 Rxg1 37. Rxb5 Re8 0-1

[Event "SportAccord Blitz Men 2012"]
[Site "Beijing CHN"]
[Date "2012.12.17"]
[Round "14.2"]
[White "Fressinet, Laurent"]
[Black "Jobava, Baadur"]
[Result "1-0"]
[WhiteTitle "GM"]
[BlackTitle "GM"]
[WhiteElo "2700"]
[BlackElo "2711"]
[WhiteFideId "608742"]
[BlackFideId "13601520"]
[EventDate "2012.12.16"]

1. e4 e6 2. d4 d5 3. Nc3 Nc6 4. Nf3 Nf6 5. Bd3 Bb4 6. Bg5 Ne7 7. Bxf6 gxf6 8.
O-O c6 9. Ne2 Ng6 10. c4 dxe4 11. Bxe4 Be7 12. d5 cxd5 13. cxd5 O-O 14. dxe6
fxe6 15. Rc1 f5 16. Bc2 Bf6 17. Bb3 Qe7 18. Re1 Bxb2 19. Rc2 Rd8 20. Rd2 Rxd2
21. Qxd2 Ba3 22. Qd3 Qd6 23. Qxf5 Bb4 24. Ng5 Qe7 25. Rd1 Nf8 26. Nf4 Kg7 27.
Bxe6 Bxe6 28. Nfxe6+ Nxe6 29. Nxe6+ Kh8 30. Qe5+ Kg8 31. Rd3 1-0

[Event "SportAccord Blitz Men 2012"]
[Site "Beijing CHN"]
[Date "2012.12.17"]
[Round "14.3"]
[White "Kamsky, Gata"]
[Black "Nakamura, Hikaru"]
[Result "0-1"]
[WhiteTitle "GM"]
[BlackTitle "GM"]
[WhiteElo "2762"]
[BlackElo "2760"]
[WhiteFideId "2000024"]
[BlackFideId "2016192"]
[EventDate "2012.12.16"]

1. e4 e6 2. d4 d5 3. Nc3 Nf6 4. e5 Nfd7 5. f4 c5 6. Nf3 Nc6 7. Be3 Be7 8. Qd2 a6
9. dxc5 Nxc5 10. Be2 b5 11. a3 Bb7 12. Rd1 Qc7 13. O-O O-O 14. Nd4 Rad8 15. Qe1
f6 16. b4 Nxd4 17. Bxd4 Ne4 18. Bd3 fxe5 19. Bxe5 Qb6+ 20. Kh1 Nxc3 21. Qxc3 d4
22. Qe1 Bf6 23. Kg1 Qc6 24. Rd2 Bxe5 25. Qxe5 Rf6 26. Re2 Qb6 27. Qh5 h6 28. Qg4
Rdf8 29. Ref2 Bd5 30. h4 Bc4 31. Rf3 Qc7 32. f5 Bd5 33. R3f2 e5 34. Re1 R6f7 35.
Rfe2 e4 36. Bxe4 Bxe4 37. Rxe4 Qxc2 38. Rxd4 Rxf5 39. Rd7 Qf2+ 40. Kh2 R5f7 41.
Ree7 Rxe7 42. Rxe7 Qf4+ 43. Qxf4 Rxf4 44. Re6 a5 45. g3 Rf2+ 46. Kh3 axb4 47.
axb4 Rb2 48. Rb6 Rxb4 49. h5 Kf7 50. g4 Rb1 51. Kg3 b4 52. Rb7+ Kf6 53. Rb6+ Ke5
54. Rb7 b3 55. Kg2 Kd4 56. Rxg7 Re1 57. Rb7 Kc3 58. Kf3 b2 59. Kf4 Rf1+ 60. Ke5
b1=Q 61. Rxb1 Rxb1 0-1

[Event "SportAccord Blitz Men 2012"]
[Site "Beijing CHN"]
[Date "2012.12.17"]
[Round "14.5"]
[White "Mamedyarov, Shakhriyar"]
[Black "Radjabov, Teimour"]
[Result "1/2-1/2"]
[WhiteTitle "GM"]
[BlackTitle "GM"]
[WhiteElo "2764"]
[BlackElo "2793"]
[WhiteFideId "13401319"]
[BlackFideId "13400924"]
[EventDate "2012.12.16"]

1. d4 Nf6 2. c4 g6 3. Nf3 Bg7 4. g3 c6 5. Bg2 d5 6. cxd5 cxd5 7. O-O O-O 8. Nc3
e6 9. Ne5 Nfd7 10. Nf3 Nf6 11. Ne5 Nfd7 12. Nf3 Nf6 13. Ne5 1/2-1/2

[Event "SportAccord Blitz Men 2012"]
[Site "Beijing CHN"]
[Date "2012.12.17"]
[Round "14.8"]
[White "Bologan, Viktor"]
[Black "Karjakin, Sergey"]
[Result "1/2-1/2"]
[WhiteTitle "GM"]
[BlackTitle "GM"]
[WhiteElo "2681"]
[BlackElo "2775"]
[WhiteFideId "13900048"]
[BlackFideId "14109603"]
[EventDate "2012.12.16"]

1. e4 e5 2. Nf3 Nc6 3. Bc4 Bc5 4. c3 Nf6 5. d3 d6 6. Nbd2 a6 7. Bb3 Ba7 8. Nf1
Ne7 9. Ng3 Ng6 10. O-O O-O 11. Re1 Re8 12. h3 h6 13. d4 c6 14. Bc2 Qc7 15. Be3
b5 16. Qd2 c5 17. a4 Bd7 18. d5 c4 19. Bxh6 gxh6 20. Qxh6 Qd8 21. Ng5 Qe7 22.
axb5 Qf8 23. Qxf8+ Kxf8 24. Rxa6 Bc5 25. Rea1 Rxa6 26. bxa6 Ra8 27. Nf3 Bc8 28.
Nd2 Rxa6 29. Rb1 Nf4 30. Nxc4 Ke7 31. b4 Ba7 32. b5 Ra2 33. b6 Bb8 34. Bb3 Ra6
35. Kf1 Nd3 36. Bc2 Nc5 37. Ne3 Ra2 38. Ke1 Kf8 39. Kd1 Nfd7 40. Ngf5 Nf6 41. f3
Ng8 42. h4 Ne7 43. Nxe7 Kxe7 44. h5 Kf6 45. g4 Kg5 46. Ke2 Ba6+ 47. Kd2 Bc8 48.
Rh1 Nb3+ 49. Ke2 Kh6 50. Kf2 f6 51. Kg3 Nc5 52. f4 exf4+ 53. Kxf4 Rb2 54. Ra1
Rxb6 55. Ra8 Bd7 56. Nc4 Rb7 57. Ra1 Bc7 58. Ne3 Bd8 59. Nc4 Be7 60. Ra8 Rc7 61.
Rh8+ Kg7 62. Ra8 Kh7 63. Ra3 Bf8 64. g5 fxg5+ 65. Kxg5 Nb7 66. e5+ Kg8 67. exd6
Rxc4 68. Ra7 Nc5 69. h6 Rxc3 70. h7+ Kh8 71. Ra8 Rxc2 1/2-1/2

[Event "SportAccord Blitz Men 2012"]
[Site "Beijing CHN"]
[Date "2012.12.17"]
[Round "15.1"]
[White "Karjakin, Sergey"]
[Black "Ivanchuk, Vassily"]
[Result "1-0"]
[WhiteTitle "GM"]
[BlackTitle "GM"]
[WhiteElo "2775"]
[BlackElo "2766"]
[WhiteFideId "14109603"]
[BlackFideId "14100010"]
[EventDate "2012.12.16"]

1. e4 d6 2. d4 Nf6 3. Nc3 g6 4. f4 Bg7 5. Nf3 O-O 6. Bd3 Nc6 7. e5 dxe5 8. fxe5
Ng4 9. Ne2 Nb4 10. Bc4 c5 11. c3 Nc6 12. h3 Nh6 13. O-O cxd4 14. cxd4 Na5 15.
Bd3 f6 16. b4 Nc6 17. b5 Na5 18. Nf4 Nf5 19. Qa4 b6 20. exf6 Bxf6 21. Bb2 Qd6
22. Ne5 Bb7 23. Bxf5 gxf5 24. Ba3 Qd8 25. Rae1 Rc8 26. Qd1 Nc4 27. Bb4 Nxe5 28.
dxe5 Qxd1 29. Rxd1 Bxe5 30. Rd7 Be4 31. Rxe7 Bd4+ 32. Kh2 Rf7 33. Re6 Rd7 34.
Nh5 Rc2 35. Rxe4 1-0

[Event "SportAccord Blitz Men 2012"]
[Site "Beijing CHN"]
[Date "2012.12.17"]
[Round "15.3"]
[White "Wang, Hao"]
[Black "Aronian, Levon"]
[Result "1-0"]
[WhiteTitle "GM"]
[BlackTitle "GM"]
[WhiteElo "2737"]
[BlackElo "2815"]
[WhiteFideId "8602883"]
[BlackFideId "13300474"]
[EventDate "2012.12.16"]

1. d4 Nf6 2. c4 c5 3. d5 e5 4. Nc3 d6 5. e4 Nbd7 6. Bd3 Be7 7. h3 O-O 8. g4 Ne8
9. Nf3 g6 10. a3 Ng7 11. Bh6 Kh8 12. Qd2 Nf6 13. O-O-O Ng8 14. Kb1 Nxh6 15. Qxh6
Rg8 16. Rdg1 Ne8 17. Qe3 Nf6 18. Nd2 Rg7 19. f3 h5 20. f4 exf4 21. Qxf4 h4 22.
Nf3 Nh7 23. g5 a6 24. e5 dxe5 25. Nxe5 Kg8 26. Nf3 b5 27. cxb5 c4 28. Bxc4 Bf5+
29. Ka2 axb5 30. Nxb5 Bc5 31. Re1 Bf2 32. Re2 Bg3 33. Qd4 Nxg5 34. Nxg5 Qxg5 35.
d6 Be6 36. Bxe6 Qxb5 37. Bc4 Qd7 38. Rd1 Rd8 39. Qf6 Rc8 40. Bb3 Rf8 41. Re7
Qxh3 42. d7 Bc7 43. Re8 1-0

[Event "SportAccord Blitz Men 2012"]
[Site "Beijing CHN"]
[Date "2012.12.17"]
[Round "15.4"]
[White "Radjabov, Teimour"]
[Black "Grischuk, Alexander"]
[Result "0-1"]
[WhiteTitle "GM"]
[BlackTitle "GM"]
[WhiteElo "2793"]
[BlackElo "2764"]
[WhiteFideId "13400924"]
[BlackFideId "4126025"]
[EventDate "2012.12.16"]

1. Nf3 c5 2. b3 d6 3. Bb2 e5 4. d3 Nc6 5. g3 g6 6. Bg2 Bg7 7. c4 Nge7 8. Nc3 h6
9. Nd2 Be6 10. O-O O-O 11. a3 d5 12. Qc2 b6 13. Rfb1 d4 14. Na2 a5 15. Bc1 Qd7
16. b4 axb4 17. axb4 cxb4 18. Nb3 Bh3 19. Bd2 Bxg2 20. Kxg2 Ra4 21. Nac1 Ra3 22.
Na2 Qd6 23. Rb2 Rfa8 24. Rab1 e4 25. Nbc1 e3 26. Be1 exf2 27. Bxf2 R8a4 28. Qd2
Nf5 29. Nxb4 Ne3+ 30. Bxe3 dxe3 31. Qxe3 Nxb4 32. Rb3 Rxb3 33. Rxb3 Kh7 34. Qf3
Ra7 35. h4 h5 36. Rb1 Qc5 37. Nb3 Qe7 38. Nc1 Nc2 39. Rxb6 Ne1+ 0-1

[Event "SportAccord Blitz Men 2012"]
[Site "Beijing CHN"]
[Date "2012.12.17"]
[Round "15.5"]
[White "Morozevich, Alexander"]
[Black "Mamedyarov, Shakhriyar"]
[Result "1-0"]
[WhiteTitle "GM"]
[BlackTitle "GM"]
[WhiteElo "2748"]
[BlackElo "2764"]
[WhiteFideId "4116992"]
[BlackFideId "13401319"]
[EventDate "2012.12.16"]

1. d4 d5 2. c4 c6 3. cxd5 cxd5 4. Nf3 Nf6 5. Nc3 Nc6 6. Bf4 a6 7. Ne5 Bd7 8. e3
e6 9. Bd3 Be7 10. O-O O-O 11. Bg5 Ne8 12. Bxe7 Qxe7 13. Nxd7 Qxd7 14. Na4 Qe7
15. Rc1 Nd6 16. Nc5 e5 17. dxe5 Nxe5 18. Bb1 Ndc4 19. Na4 Rfd8 20. b3 b5 21.
bxc4 dxc4 22. Qc2 g6 23. Nb2 Rac8 24. Rfd1 b4 25. Rxd8+ Qxd8 26. h3 a5 27. Rd1
Qb6 28. Qe4 Qe6 29. Rd5 f6 30. f4 c3 31. Nd1 Rc4 32. Rd4 Rxd4 33. exd4 Qc6 34.
fxe5 1-0

[Event "SportAccord Blitz Men 2012"]
[Site "Beijing CHN"]
[Date "2012.12.17"]
[Round "15.7"]
[White "Jobava, Baadur"]
[Black "Kamsky, Gata"]
[Result "0-1"]
[WhiteTitle "GM"]
[BlackTitle "GM"]
[WhiteElo "2711"]
[BlackElo "2762"]
[WhiteFideId "13601520"]
[BlackFideId "2000024"]
[EventDate "2012.12.16"]

1. b3 b6 2. Bb2 Bb7 3. Nc3 Nc6 4. d4 d5 5. e3 e6 6. Qd2 Qd7 7. O-O-O O-O-O 8.
Kb1 Kb8 9. f3 g6 10. Nge2 Bg7 11. h4 h5 12. Nf4 Nge7 13. a3 Rhg8 14. Nce2 e5 15.
Nh3 exd4 16. exd4 Nf5 17. Ng5 Bh6 18. f4 f6 19. Nf3 Rge8 20. Re1 Nd6 21. g3 Ne7
22. Bh3 Nef5 23. Nc1 Qf7 24. Qg2 a5 25. a4 Ba6 26. g4 Ne3 27. Qg1 Bxf4 28. gxh5
gxh5 29. Ne2 Bh6 30. Nc3 Qh7 31. Rh2 Rg8 32. Qh1 Ndf5 33. Rf2 Ng4 34. Rg2 Nfe3
35. Rd2 Rde8 36. Nb5 Bc8 37. Ba3 Bf5 38. Rc1 Be4 39. Nc3 Nf5 0-1

[Event "SportAccord Blitz Men 2012"]
[Site "Beijing CHN"]
[Date "2012.12.17"]
[Round "15.8"]
[White "Giri, Anish"]
[Black "Fressinet, Laurent"]
[Result "1-0"]
[WhiteTitle "GM"]
[BlackTitle "GM"]
[WhiteElo "2720"]
[BlackElo "2700"]
[WhiteFideId "24116068"]
[BlackFideId "608742"]
[EventDate "2012.12.16"]

1. d4 Nf6 2. c4 Nc6 3. Nf3 e6 4. a3 d6 5. Nc3 g6 6. e4 Bg7 7. Be2 O-O 8. O-O Re8
9. d5 Ne7 10. dxe6 Bxe6 11. Nd4 Bd7 12. Be3 a6 13. Qd2 Nc6 14. f3 Ne5 15. b4 c5
16. Nb3 Be6 17. Nd5 b6 18. a4 Rb8 19. Rab1 Bd7 20. a5 Nxd5 21. cxd5 c4 22. Nd4
b5 23. Kh1 Qe7 24. Bg5 f6 25. Bh4 Rbc8 26. Rbc1 Qf7 27. f4 Nd3 28. Bxd3 cxd3 29.
Qxd3 f5 30. exf5 Bxf5 31. Nxf5 Qxf5 32. Qxf5 gxf5 33. Rc6 Rxc6 34. dxc6 Bc3 35.
Bf2 Rc8 36. Rc1 Bxb4 37. Bb6 Kf7 38. c7 Ke6 39. g3 Kd7 40. Kg2 Ba3 41. Rb1 d5
42. Rd1 Kc6 43. Kf3 Bd6 44. Rc1+ Kd7 45. Rd1 Ke6 46. Re1+ Kd7 47. Rd1 Kc6 48.
Rc1+ Kb7 49. Rd1 Bxc7 50. Bxc7 Rxc7 51. Rxd5 Rf7 52. Rd6 Ka7 53. Ke3 Re7+ 54.
Kd3 Re4 55. Rd7+ Kb8 56. Rxh7 Ra4 57. h4 Rxa5 58. h5 Ra1 59. Kd4 Rh1 60. Kc5 Kc8
61. h6 Kd8 62. Kd6 Kc8 63. Kc6 Rc1+ 64. Kb6 Rh1 65. Rh8+ Kd7 66. h7 b4 67. Ra8
b3 68. h8=Q Rxh8 69. Rxh8 b2 70. Rh1 1-0